Score 0/16 Timer 03:00
0 Plays Today
Scrambled Site Unscrambled Site % Correct
OOHYAYahoo
98.1%
LEGOGOGoogle
96.6%
NGIBBing
95.6%
BAEYeBay
95.5%
TRIWTETTwitter
92.5%
AAOZNMAmazon
91.8%
CKOAEOBFFacebook
84.1%
SROPLECSporcle
82.6%
Scrambled Site Unscrambled Site % Correct
KDIEAWIPIWikipedia
81.4%
PSEKYSkype
64.7%
NELDIIKNLinkedIn
56%
LBEROGGBlogger
50.7%
YPCSAMEMySpace
44.9%
AOPRNDAPandora
43.1%
TEYBUUOYoutube
35.4%
ISSLTIGCARCraigslist
15.1%
Remove Ads.
Support Sporcle.
Get the best of Sporcle when you Go Orange. This ad-free experience offers more features, more stats, and more fun while also helping to support Sporcle. Thank you for becoming a member.

You're not logged in!

Compare scores with friends on all Sporcle quizzes.
OR
Log In

Show Comments

Extras

Top Quizzes Today


Score Distribution

Your Account Isn't Verified!

In order to create a playlist on Sporcle, you need to verify the email address you used during registration. Go to your Sporcle Settings to finish the process.

Report this User

Report this user for behavior that violates our Community Guidelines.

Details: